Diccionario de la lengua castellana (Record no. 159065)

MARC details
000 -LEADER
campo de control de longitud fija 00811nam a22001815i 4500
001 - NÚMERO DE CONTROL
campo de control 159065
003 - IDENTIFICADOR DE NÚMERO DE CONTROL
campo de control ES-MaACL
005 - FECHA Y HORA DE LA ÚLTIMA TRANSACCIÓN
campo de control 20230906211432.0
008 - DATOS DE LONGITUD FIJA--INFORMACIÓN GENERAL
campo de control de longitud fija 040908s1858 sp |||| | spa d
040 ## - FUENTE DE CATALOGACIÓN
Centro catalogador/agencia de origen CAM
Lengua de catalogación spa
Centro/agencia transcriptor CAM
100 1# - ENTRADA PRINCIPAL--NOMBRE DE PERSONA
Nombre de persona Marty, Luis.
9 (RLIN) 129595
245 10 - MENCIÓN DEL TÍTULO
Título Diccionario de la lengua castellana
Resto del título : contiene todas las voces de nuestro idiomas, las tecnicas de ciencias, artes y oficios, las figuras, las familiares, las vulgares, las provinciales ... /
Mención de responsabilidad, etc. por Luis Marty.
260 ## - PUBLICACIÓN, DISTRIBUCIÓN, ETC.
Lugar de publicación, distribución, etc. Madrid :
Nombre del editor, distribuidor, etc. [s.n.],
Fecha de publicación, distribución, etc. 1858 (
Fabricante Imprenta y estereotipia española de los señores Nieto y compañia)
300 ## - DESCRIPCIÓN FÍSICA
Extensión XVI, 1464 p. ;
Dimensiones 27 cm.
597 ## - NOTA DE DESCRIPCIÓN FÍSICA
NOTA DE DESCRIPCIÓN FÍSICA 1 t. en 2 v. , cada vol. con port. propia.
650 #4 - PUNTO DE ACCESO ADICIONAL DE MATERIA--TÉRMINO DE MATERIA
Término de materia o nombre geográfico como elemento de entrada Lengua española-
Subdivisión de forma Diccionarios.
9 (RLIN) 14137
852 ## - LOCALIZACIÓN
Ubicación ES-MaACL
Número de control de estantería B-11120-11121
Nota libre -- Enc. pasta española
Holdings
Estatus retirado Estado de pérdida Estado de daño No para préstamo Colección Biblioteca de origen Biblioteca actual Ubicación en estantería Fecha de adquisición Fuente de adquisición Total de préstamos Signatura topográfica completa Código de barras Visto por última vez Precio de reemplazo Tipo de ítem Koha
        Colección de referencia Biblioteca del Ateneo de Madrid Biblioteca del Ateneo de Madrid Sala Pardo Bazán 17/01/2008     B-11120-11121 1166518 23/02/2023 23/02/2023 Libro impreso antiguo